La Economa̕ Veracruzana, Retrovisin̤ y realidades 1998-2010 /

Detalles Bibliográficos
Autor principal: Barcelata Chv̀ez, Hilario
Formato: eBook
Lenguaje:español
Publicado: Veracruz: Universidad de Xalapa, 2010
Materias:
Acceso en línea:Acceso restringido

MARC

LEADER 00000nam a22000007a 4500
005 20180326233947.0
007 cr|||| ||||
008 180326s2010 mx |||||s|||| 00||0 spa d
035 |a 21200 
040 |a vLex 
090 |c 7547  |d 7547 
100 1 |a Barcelata Chv̀ez, Hilario 
245 1 2 |a La Economa̕ Veracruzana, Retrovisin̤ y realidades  |h [Recurso electrn̤ico] :  |b 1998-2010 /  |c Hilario Barcelata Chv̀ez 
256 |a Servicio en ln̕ea 
260 |a Veracruz:  |b Universidad de Xalapa,  |c 2010 
300 |a 1 recurso electrn̤ico 
506 1 |a Disponible solo en los productos indicados  |d vLex Global  |d vLex Global (Academic Edition, excluding Law Schools)  |d vLex Global (U.S. Academic Edition, Law Schools)  |d vLex Global (U.S. Academic Edition, excluding Law Schools)  |d vLex Global (Academic Edition, Law Schools) 
650 0 4 |a Economa̕ y negocios  |z Mx̌ico 
740 0 |a vLex Libros (Servicio en ln̕ea) 
856 4 0 |u http://vlex.com/source/economia-veracruzana-retrovision-realidades-1998-2010-21200  |z Acceso restringido 
942 |c BOOK 
999 0 |a Economy and business